ბათუმის შოთა რუსთაველის სახელმწიფო უნივერსიტეტის ბიბლიოთეკა

ელვის კვალი (ბიბ.ჩანაწერი № 42377)

000 -LEADER
fixed length control field 00738nam a2200229Ia 4500
001 - CONTROL NUMBER
control field 9073
003 - CONTROL NUMBER IDENTIFIER
control field GE_BSU
008 - FIXED-LENGTH DATA ELEMENTS--GENERAL INFORMATION
fixed length control field 181216s||||||||xx |||||||||||||| ||und||
040 ## - CATALOGING SOURCE
Transcribing agency GE_BSU
080 ## - UNIVERSAL DECIMAL CLASSIFICATION NUMBER
Universal Decimal Classification number 821.353.2-1
100 ## - MAIN ENTRY--PERSONAL NAME
Personal name ლომაია,კონსტანტინე
245 ## - TITLE STATEMENT
Title ელვის კვალი
245 ## - TITLE STATEMENT
Remainder of title აფხაზი პოეტის ლექსები
245 ## - TITLE STATEMENT
Statement of responsibility, etc. რედ:ელ.უბილავა;მხატვ:თ.მირზაშვილი
260 ## - PUBLICATION, DISTRIBUTION, ETC.
Place of publication, distribution, etc. თბილისი.
260 ## - PUBLICATION, DISTRIBUTION, ETC.
Name of publisher, distributor, etc. ნაკადული.
260 ## - PUBLICATION, DISTRIBUTION, ETC.
Date of publication, distribution, etc. 1965.
300 ## - PHYSICAL DESCRIPTION
Extent 69გვ;17სმ.
653 ## - INDEX TERM--UNCONTROLLED
Uncontrolled term ელვის კვალი.
653 ## - INDEX TERM--UNCONTROLLED
Uncontrolled term ლექსები
942 ## - ADDED ENTRY ELEMENTS (KOHA)
Koha item type წიგნი
ეგზემპლარები
Withdrawn status Lost status Damaged status Not for loan Date acquired Barcode Date last seen Price effective from Koha item type
        2018-12-17 31876 2018-12-17 2018-12-17 წიგნი